Kerr on Injunctions : (Record no. 620)

MARC details
000 -LEADER
fixed length control field 00704nam a22001697a 4500
008 - FIXED-LENGTH DATA ELEMENTS--GENERAL INFORMATION
fixed length control field 110426t xxu||||| |||| 00| 0 eng d
020 ## - INTERNATIONAL STANDARD BOOK NUMBER
International Standard Book Number 8175341456
082 ## - DEWEY DECIMAL CLASSIFICATION NUMBER
Classification number 347.077 PAT
245 ## - TITLE STATEMENT
Title Kerr on Injunctions :
Statement of responsibility, etc J. M.Paterson /
250 ## - EDITION STATEMENT
Edition statement 6th ed.
260 ## - PUBLICATION, DISTRIBUTION, ETC. (IMPRINT)
Place of publication, distribution, etc India.
Name of publisher, distributor, etc Universal Law Publishing Co.
Date of publication, distribution, etc 2008.
300 ## - PHYSICAL DESCRIPTION
Extent Ixi, 743p.;
Dimensions 24 cm.
942 ## - ADDED ENTRY ELEMENTS (KOHA)
Source of classification or shelving scheme Dewey Decimal Classification
Item type Books
Holdings
Withdrawn status Lost status Source of classification or shelving scheme Damaged status Not for loan Home library Current library Shelving location Date acquired Total Checkouts Full call number Barcode Date last seen Price effective from Koha item type
    Dewey Decimal Classification     Law Development Centre Main Library Law Development Centre Main Library Text Books and Laws 04/26/2011   347.077 PAT 17609 04/26/2011 04/26/2011 Books
    Dewey Decimal Classification     Law Development Centre Main Library Law Development Centre Main Library Text Books and Laws 04/26/2011   347.077 PAT 17809 04/26/2011 04/26/2011 Books
    Dewey Decimal Classification     Law Development Centre Main Library Law Development Centre Main Library Text Books and Laws 04/26/2011   347.077 PAT 17709 04/26/2011 04/26/2011 Books